Detalles MARC
| 000 -CABECERA |
| campo de control de longitud fija |
02972nam a2200385 i 4500 |
| 001 - NÚMERO DE CONTROL |
| campo de control |
18394 |
| 003 - IDENTIFICADOR DEL NÚMERO DE CONTROL |
| campo de control |
DO-SDUEMH |
| 005 - FECHA Y HORA DE LA ÚLTIMA TRANSACCIÓN |
| campo de control |
20260225163114.0 |
| 007 - CAMPO FIJO DE DESCRIPCIÓN FÍSICA--INFORMACIÓN GENERAL |
| campo de control de longitud fija |
ta |
| 008 - DATOS DE LONGITUD FIJA--INFORMACIÓN GENERAL |
| campo de control de longitud fija |
240226s2012 dr |||| ||||o00| 0 spa d |
| 020 ## - NÚMERO INTERNACIONAL ESTÁNDAR DEL LIBRO |
| Número Internacional Estándar del Libro |
9788493133016 (obra completa) |
| 020 ## - NÚMERO INTERNACIONAL ESTÁNDAR DEL LIBRO |
| Número Internacional Estándar del Libro |
9788495626813 (volumen 1) |
| 020 ## - NÚMERO INTERNACIONAL ESTÁNDAR DEL LIBRO |
| Número Internacional Estándar del Libro |
9788495626820 (volumen 2) |
| 040 ## - FUENTE DE LA CATALOGACIÓN |
| Centro catalogador/agencia de origen |
DO-SdUEMH |
| Lengua de catalogación |
spa |
| Normas de descripción |
rda |
| 082 04 - NÚMERO DE LA CLASIFICACIÓN DECIMAL DEWEY |
| Colección |
Colección General |
| Número de documento/Ítem |
R934e |
| 100 1# - ENTRADA PRINCIPAL--NOMBRE DE PERSONA |
| Nombre de persona |
Ruiz González, María Dolores |
| 9 (RLIN) |
226 |
| Término indicativo de función/relación |
autora |
| 245 10 - MENCIÓN DE TÍTULO |
| Título |
Enfermería Pediátrica / |
| Mención de responsabilidad, etc. |
María Dolores Ruiz Gonzáles, María Rosa Martinez Barellas, Pilar Gonzales Carrión ; colaboradores: Roser Álvarez Miró, Enrique Bermaus Poch, María Luisa de Bustos Rodero, Carmen Ceresuela Alonso, Pilar Cervera Ral [y otros 17] ; Ilustración: David Menéndez Gonzales |
| 260 #1 - PUBLICACIÓN, DISTRIBUCIÓN, ETC. |
| Date of publication, distribution, etc. |
2012 |
| 264 #1 - PRODUCCIÓN, PUBLICACIÓN, DISTRIBUCIÓN, FABRICACIÓN Y COPYRIGHT |
| Lugar de producción, publicación, distribución, fabricación |
Barcelona, España : |
| Nombre del de productor, editor, distribuidor, fabricante |
Edición avances de enfermería, |
| Fecha de producción, publicación, distribución, fabricación o copyright |
2012 |
| 300 ## - DESCRIPCIÓN FÍSICA |
| Extensión |
2 volumenes : |
| Otras características físicas |
ilustraciones ; |
| Dimensiones |
26 Cm. |
| 336 ## - TIPO DE CONTENIDO |
| Fuente |
rdacontent |
| Término de tipo de contenido |
texto |
| Código de tipo de contenido |
txt |
| 337 ## - TIPO DE MEDIO |
| Fuente |
rdamedia |
| Nombre del tipo de medio |
sin mediación |
| Código del tipo de medio |
n |
| 338 ## - TIPO DE SOPORTE |
| Fuente |
rdacarrier |
| Nombre del tipo de soporte |
volumen |
| Código del tipo de soporte |
nc |
| 490 0# - MENCIÓN DE SERIE |
| Mención de serie |
Enfermería S21 |
| 505 2# - NOTA DE CONTENIDO CON FORMATO |
| Nota de contenido con formato |
Volumen 1: Expectativas de la enfermería de la infancia -- El proceso enfermero en el cuidado del niño y su familia -- Salud, infancia y adolescencia -- El recién nacido -- Atención a recién nacido y su familia -- Problema de salud en el periodo neonatal -- Atención del recién nacido con problema de salud -- Recién nacidos de madres drogodependiente -- Característica del crecimiento y el desarrollo -- Seguimiento de la salud infantil -- Prevención de accidentes -- Alimentación del recién nacido y el lactante -- Alimentación desde el primer Asta la adolescencia -- La pubertad -- Sexualidad y conductas de riesgo en la adolescencia -- Problema nutricionales y endocrinos -- Las Droga sen la adolescencia. <br/><br/><br/>Volumen 2: Fiebre -- Tos -- Vómitos -- Diarrea -- Estreñimiento -- Dolor abdominal -- Convulsiones -- Cefalea -- Exantema -- Enuresis y otros síntomas urinarios -- Rinorrea, otalgia, dolo de garganta -- La hospitalización -- Valoración y tratamiento del dolor -- Actividad enfermara en cirugía pediátrica -- Quemaduras -- Maltrato -- La cronicidad-discapacidad -- Patologías crónicas en la infancia -- Atención a los niños de familias inmigrantes -- La enfermedad neoplásica -- enfermedad terminal y muerte -- Obtención de muestras en unidades pediátricas -- Administración de medicamentos -- Técnicas y procedimientos más habituales -- Intervenciones enfermeras en situaciones críticas. |
| 700 1# - PUNTO DE ACCESO ADICIONAL--NOMBRE DE PERSONA |
| Nombre de persona |
Martínez Barellas, María Rosa |
| 9 (RLIN) |
227 |
| Término indicativo de función/relación |
autora |
| 700 1# - PUNTO DE ACCESO ADICIONAL--NOMBRE DE PERSONA |
| Nombre de persona |
González Carrión, Pilar |
| 9 (RLIN) |
228 |
| Término indicativo de función/relación |
autora |
| 700 1# - PUNTO DE ACCESO ADICIONAL--NOMBRE DE PERSONA |
| Nombre de persona |
Álvarez Miró, Roser |
| 9 (RLIN) |
229 |
| Término indicativo de función/relación |
colaborador |
| 700 1# - PUNTO DE ACCESO ADICIONAL--NOMBRE DE PERSONA |
| Nombre de persona |
Bernaus Poch, Enriqueta |
| 9 (RLIN) |
230 |
| Término indicativo de función/relación |
colaborador |
| 700 1# - PUNTO DE ACCESO ADICIONAL--NOMBRE DE PERSONA |
| Nombre de persona |
Bustos Rodero, María Luisa de |
| 9 (RLIN) |
231 |
| Término indicativo de función/relación |
colaboradora |
| 700 1# - PUNTO DE ACCESO ADICIONAL--NOMBRE DE PERSONA |
| Nombre de persona |
Ceresuela Alonso, Carmen |
| 9 (RLIN) |
232 |
| Término indicativo de función/relación |
colaboradora |
| 700 1# - PUNTO DE ACCESO ADICIONAL--NOMBRE DE PERSONA |
| Nombre de persona |
Cervera Ral, Pilar |
| 9 (RLIN) |
233 |
| Término indicativo de función/relación |
colaboradora |
| 700 1# - PUNTO DE ACCESO ADICIONAL--NOMBRE DE PERSONA |
| Nombre de persona |
Menéndez González, David |
| 9 (RLIN) |
234 |
| Término indicativo de función/relación |
ilustrador |
| 942 ## - ELEMENTOS DE PUNTO DE ACCESO ADICIONAL (KOHA) |
| Fuente del sistema de clasificación o colocación |
Dewey Decimal Classification |
| Tipo de ítem Koha |
Libro |
| Suprimir en OPAC |
No |